Pengaturcaraan PureBasic (Record no. 85711)

MARC details
000 -LEADER
fixed length control field 00662nam a2200241 i 4500
001 - CONTROL NUMBER
control field C2-0278920
003 - CONTROL NUMBER IDENTIFIER
control field PPAK
005 - DATE AND TIME OF LATEST TRANSACTION
control field 20180728010338.0
008 - FIXED-LENGTH DATA ELEMENTS--GENERAL INFORMATION
fixed length control field 070410s2006 my a|||| ||||| | may d
020 ## - INTERNATIONAL STANDARD BOOK NUMBER
International Standard Book Number 9833526225
040 ## - CATALOGING SOURCE
Original cataloging agency PPAK
Language of cataloging eng
Transcribing agency PPAK
Description conventions rda
082 04 - DEWEY DECIMAL CLASSIFICATION NUMBER
Classification number 005.133
Edition number 23
090 00 - LOCALLY ASSIGNED LC-TYPE CALL NUMBER (OCLC); LOCAL CALL NUMBER (RLIN)
Classification number (OCLC) (R) ; Classification number, CALL (RLIN) (NR) 005.133
Feature heading AZH
Feature heading R
100 0# - MAIN ENTRY--PERSONAL NAME
Personal name Azhar Mat Zin,
Relator term author
245 10 - TITLE STATEMENT
Title Pengaturcaraan PureBasic
264 #1 - PRODUCTION, PUBLICATION, DISTRIBUTION, MANUFACTURE, AND COPYRIGHT NOTICE
Place of production, publication, distribution, manufacture Batu Caves, Selangor :
Name of producer, publisher, distributor, manufacturer Venton Publishing ,
Date of production, publication, distribution, manufacture, or copyright notice 2006
300 ## - PHYSICAL DESCRIPTION
Extent v, 304 pages :
Other physical details illustrations ;
Dimensions 25 cm
336 ## - CONTENT TYPE
Source rdacontent
Content type term text
337 ## - MEDIA TYPE
Source rdamedia
Media type term unmediated
338 ## - CARRIER TYPE
Source rdacarrier
Carrier type term volume
650 10 - SUBJECT ADDED ENTRY--TOPICAL TERM
Topical term or geographic name entry element Pure basic.
942 ## - ADDED ENTRY ELEMENTS (KOHA)
-- dc
Koha item type Book
Holdings
Withdrawn Not for loan Current library Shelving location Date acquired Full call number Barcode Date last seen Koha item type
  Not For Loan Perpustakaan Alor Setar Rujukan Dewasa 03/07/2007 R 005.133 AZH A01177859 09/05/2018 Book
  Not For Loan Perpustakaan Awam Sungai Petani Rujukan Dewasa 03/07/2007 R 005.133 AZH A01177861 09/05/2018 Book
  Not For Loan Perpustakaan Baling Rujukan Dewasa 03/07/2007 R 005.133 AZH A01177867 09/05/2018 Book
  Not For Loan Perpustakaan Bandar Baharu Rujukan Dewasa 03/07/2007 R 005.133 AZH A01177868 09/05/2018 Book
  Not For Loan Perpustakaan Langkawi Rujukan Dewasa 03/07/2007 R 005.133 AZH A01177863 09/05/2018 Book
  Not For Loan Perpustakaan Yan Rujukan Dewasa 03/07/2007 R 005.133 AZH A01177865 09/05/2018 Book